| 000 | 01019cam0 22002891ib4500 | ||
|---|---|---|---|
| 001 | BY-MI0004-br4094 | ||
| 005 | 20260319120632.0 | ||
| 035 | ^a(BY-MI0004)BY-MI0004-br4094 | ||
| 100 | ^a20130715d1977 y0rusy50 ca | ||
| 101 | 0 | ^arus | |
| 102 | ^aBY | ||
| 105 | ^aa z 000yy | ||
| 200 | 1 |
^aЗаписки охотника ^fИван Тургенев |
|
| 210 |
^aМинск ^cНар.асвета ^d1977 |
||
| 215 | ^a238 с. | ||
| 300 | ^a300000 экз. | ||
| 610 | 0 | ^aРУССКАЯ ЛИТЕРАТУРА | |
| 610 | 0 | ^aРУСКАЯ ЛIТАРАТУРА | |
| 615 |
^3BY-SEK-ar1826174 ^aБелорусский национальный документ |
||
| 686 |
^a84(2Рос=Рус)1 ^v2 ^2rubbk |
||
| 690 |
^a1 ^2Base ^9BY-MI0004 ^xRSEK |
||
| 700 | 1 |
^aТургенев ^bИ. С. |
|
| 801 | 0 |
^aBY ^bBY-MI0004 ^c20130715 ^gpsbo |
|
| 801 | 2 |
^aBY ^bBY-MI0004 ^c20260309 ^gpsbo |
|
| 899 |
^aBY-MI0004 ^h84(2Рос=Рус)1 ^iТ 87 |
||